[Event "Vidmar Memorial 15th"]
[Site "Terme Zrece"]
[Date "2003.08.26"]
[Round "9"]
[White "Beliavsky, Alexander G"]
[Black "Sermek, Drazen"]
[Result "1-0"]
[WhiteElo "2668"]
[BlackElo "2577"]
[Annotator "Stohl,I"]
[PlyCount "133"]
[EventDate "2003.08.17"]
[EventType "tourn"]
[EventRounds "9"]
[EventCountry "SLO"]
[EventCategory "12"]
[SourceTitle "CBM 097"]
[Source "ChessBase"]
[SourceDate "2003.11.11"]
[SourceVersion "1"]
[SourceVersionDate "2003.11.11"]
[SourceQuality "1"]

{[%mdl 2]} 1. d4 {Hecht} Nf6 2. c4 c5 3. d5 b5 4. cxb5 a6 5. e3 Bb7 6. Nc3 Qa5
7. Bd2 axb5 8. Bxb5 Qb6 9. Bc4 {If White wants to achieve the _|_, which
arises after the 12-th move, this is the right move order to do it.} (9. Qb3 e6
10. Bc4 Qxb3 11. Bxb3 Na6 $1 12. Nge2 {runs into} Nb4 $1 13. O-O (13. dxe6 $6
Nd3+ 14. Kf1 fxe6 15. f3 Be7 16. Bc2 Nb4 17. Bb3 O-O $32 {|^,Volosjuk,
J-Slavina,I/WChW U18 Menorca/1996/}) 13... Nbxd5 14. Nxd5 Nxd5 15. Rfd1 Be7 16.
e4 Nf6 17. f3 d5 $15 {1/2,Beliavsky,A-Georgiev,K/YUG-chT Niksic/1996/}) 9... e6
10. Nge2 $5 $146 {[%mdl 8] Beliavsky prepared this novelty for the Vidmar
memorial, by cleverly inverting the move order he achieves a well-known
position, which gives White more chances of achieving an advantage.} (10. e4
Nxe4 $15 {is even more, than OK for Black, while}) (10. Qb3 Qxb3 11. Bxb3 Na6 {
-9.Qb3 transposes to the above note.}) 10... exd5 11. Qb3 (11. Bb3 d4 $132)
11... Qxb3 (11... Qc6 $6 12. Bb5 Qc7 13. Nf4 c4 14. Qd1 $1 Bd6 15. Nh5 Nxh5 16.
Qxh5 Qc5 17. O-O O-O 18. a4 Na6 19. Ne2 Rfd8 20. Bc3 Bf8 21. Nd4 Qd6 22. b3
cxb3 23. Nxb3 $16 {[%csl Ga4] Beliavsky,A-Halkias,S/Terme Zrece/2003/ was the
first game in which White used the move 10.Nge2! and he achieved an ideal
position, as if with an extra o^a4.}) 12. Bxb3 Na6 13. O-O {The safest and
most usual alternative.} (13. a3 Nb4 $5 (13... Bc6 $6 14. O-O-O $1 Nc7 15. Be1
Be7 16. f3 c4 17. Bc2 O-O 18. Bg3 Ra7 19. Rhe1 Rb8 20. Nd4 Ba8 21. Nf5 Bf8 22.
Be5 Nfe8 23. Re2 g6 24. Nd4 Bd6 25. Bxd6 Nxd6 26. e4 dxe4 27. fxe4 Ndb5 28.
Ndxb5 Nxb5 29. Re3 $14 {Panchenko,A-Glek,I/Tallinn/1986/}) 14. O-O (14. Nf4 c4
15. Ba4 g5 16. axb4 gxf4 17. Nb5 fxe3 18. fxe3 Ke7 $15) 14... Nd3 $132) (13.
O-O-O Nb4 14. Kb1 c4 $5 15. Bc2 Nxc2 16. Kxc2 Bc5 17. Be1 O-O 18. Nd4 Ng4 19.
Kb1 Ne5 20. Nce2 Nd3 21. Nc1 Nxc1 22. Rxc1 {Franzen,T-Geldmann,L/ICCF Email/
1996/} Bxd4 $11) 13... Nc7 ({White managed to blockade Black's [+]P and
contain any possible <=> in a model way after} 13... Be7 $143 14. Rfd1 O-O 15.
Be1 Nc7 (15... c4 $142 $5 16. Bc2 Bc6 $14 {is better, Black still retains
active options as Nc5 or Nb4.}) 16. Nf4 c4 {[%csl Rc4,Rd5] ק} 17. Bc2 Bc6 18.
Nfe2 Rfb8 19. Rab1 Ne6 20. a3 Rb6 21. Na2 Rab8 22. Nb4 Ba8 23. Bc3 h6 24. h3
Rc8 25. Ng3 g6 26. Ne2 d6 27. f3 Kf8 28. Kf2 Kg8 29. Rd2 Kf8 30. Rbd1 Rbb8 31.
Rh1 Kg8 32. g4 Kf8 33. Kg3 Kg8 34. Rh2 Kf8 35. h4 Kg8 36. Kf2 Bb7 37. Rd1 Kf8
38. Rg1 Ke8 39. g5 hxg5 40. hxg5 Nh5 41. f4 Nc5 42. Bd4 Ne4+ 43. Ke1 Bd8 44.
Nc3 Ba5 45. Nxe4 dxe4 46. Bd1 $16 {Pinter,J-Ernst,T/Thessaloniki olm/1984/})
14. Rfd1 Bd6 15. Be1 O-O 16. f3 (16. Rac1 Bc6 (16... Rfe8 $13) 17. Ng3 Rfb8 18.
Rb1 g6 19. f3 Rb7 20. Nge2 Rab8 21. Bh4 Nce8 22. Rd2 Kg7 23. Bg3 Bxg3 24. hxg3
Nc7 25. g4 h6 26. Nf4 $14 {Ornstein,A-Biriescu,I/Vienna op/1986/}) 16... Rfe8
17. Bf2 (17. Ng3 Be5 {/\} 18. Nf5 $6 g6 19. f4 Bxf4 $5 (19... Bxc3 20. Bxc3 Ne4
21. Nh6+ Kf8 $15) 20. exf4 gxf5 21. Bh4 Ne4 22. Nxd5 Nxd5 23. Bxd5 Bxd5 24.
Rxd5 Reb8 $36) 17... Be5 18. Rac1 (18. Rd2 Bc6 19. Rad1 $6 {White needs this
square for his minor pieces.} h6 20. h3 Reb8 21. Bc2 Nb5 $1 22. Nxb5 Bxb5 23.
b3 Rxa2 24. Bh7+ Kxh7 25. Rxa2 Bxe2 26. Rxe2 Rxb3 $15 {|^,Razuvaev,
Y-Tseshkovsky,V/Calcutta/1986/}) 18... Bc6 $13 {[%csl Gc5,Gd5] The arising
position is double-edged, as Black's hanging P present a constant threat and
are unassailable for the time being.} 19. Rd2 h6 {Black keeps the R on the
e-file to prevent the exchange of his strong Be5, but playable seems even} (
19... Reb8 20. Bg3 (20. Bh4 d6 21. f4 Bxc3 22. Nxc3 Ng4 $132) 20... d6 21. f4
Bxc3 22. Nxc3 Nb5 $5 $13 (22... Ng4 23. f5 c4 24. Bd1 Nxe3 25. Bxd6 Rb7 26. Bf3
$14)) 20. Bc2 g6 21. Bb1 Ra5 22. Nd1 Nh5 23. b3 Na6 24. Nb2 Nb4 (24... Ng7 25.
Nd3 Bf6 26. Ndf4 Nb4 27. e4 $5 $14 (27. Nc3 c4 $132)) 25. Nd3 Nxd3 26. Bxd3 Ng7
27. Bb1 Ne6 (27... d6 28. b4 Rb5 29. a3 Ra8 $132) 28. Bg3 Bf6 {Black still
avoids the exchange of B, but later White will more or less force it in a more
advantageous situation.} ({Simpler was} 28... Bxg3 29. Nxg3 (29. hxg3 h5 $11)
29... f5 $5 30. Ne2 Kf7 $11) 29. Bd6 Bg5 30. f4 $8 (30. Nf4 $6 d4 $36) 30...
Bf6 (30... Be7 31. Bxe7 Rxe7 32. Kf2 {[%cal Yg2g4,Yf4f5] /\g4,f5+/=}) 31. Kf2
Kg7 32. Ng1 $5 d4 33. e4 Be7 {Now Black has little choice, the Bd6 has a
cramping effect.} 34. Bxe7 Rxe7 35. g3 (35. Ne2 f6 $11) 35... Nc7 $6 (35... d6
$5 36. Nf3 Rea7 $132 (36... f6 37. Nxd4 $5 Nxd4 38. Rxd4 cxd4 39. Rxc6 $44))
36. Nf3 Bxe4 (36... Na6 37. Ne5 $36) (36... f6 37. b4 $14) 37. Bxe4 Rxe4 38. b4
Ra3 ({Black is slightly worse even after the better} 38... Rb5 $142 $5 39. Rxc5
Rxc5 40. bxc5 Ne6 41. Re2 Nxc5 (41... f5 42. Nd2 $1 Rxe2+ 43. Kxe2 Nxc5 44. Nb3
Na4 45. Kd3 Nc3 46. a3 $14) 42. Rxe4 Nxe4+ 43. Ke1 Nc3 44. a3 Kf6 (44... d3 45.
Ne5 d5 46. Nxd3 Kf6 47. Nb2 $14) 45. Nxd4 d5 46. Nc2 $14 {/\Kd2}) 39. Rxc5 Ne6
40. Ra5 $1 $14 {In comparison to the previous note the distant o^a5 gives
White more winning chances.} Rxa5 41. bxa5 d3 (41... f5 42. a6 Nc5 43. a7 (43.
Rxd4 $2 Re6 $11) 43... Re8 44. Rc2 $16) 42. Rxd3 Ra4 43. Rxd7 Rxa2+ 44. Kg1 g5
{[%mdl 4096] '!?' Hecht. In the final phase of the game Black still has
drawing chances, but White can continue probing practically for ever and it's
not easy to choose from the various versions of unpleasant _|_ the one, which
is objectively the best.} ({Hecht: Whilst: Hecht: Indes:} 44... Rxa5 {'!'
Hecht.} 45. Ne5 Ng5 $5 (45... g5 46. Rxf7+ Kg8 47. Rf6 Nd4 48. Kf2 $16) 46. h4
Ne4 (46... Rxe5 {Hecht} 47. fxe5 Nf3+ 48. Kf2 Nxe5 $11 {promises a problem
free draw. liefert ein problemloses Remis.}) 47. Rxf7+ Kg8 48. Rc7 $14 {/+/-})
({Dancing on a tightrope Der Tanz auf dem Drahtseil} 44... Ra1+ $5 {Hecht} 45.
Kg2 Ra2+ 46. Kh3 Rxa5 47. Ne5 Ng5+ 48. Kg4 Kg8 {offered very good chances of a
draw. White must protect against bot sehr gute Remischancen. Weiß muss sich vor
} 49. Re7 Ra4 50. h4 f5# {hüten.}) 45. Ne5 (45. fxg5 $6 Nxg5 46. Nxg5 $8 hxg5
47. Rd5 g4 $11 {/+/= leads to a drawish R_|_}) 45... gxf4 46. Rxf7+ Kg8 47. Rf6
fxg3 48. hxg3 (48. Rxe6 $2 gxh2+ {/\Ra5=}) 48... Nc5 49. Nc6 Kg7 50. Rf2 Ra3
51. Kh2 Ne4 52. Re2 Ng5 (52... Nc5 53. Re5 Nd3 $14 {/+/-}) 53. Rb2 Kf6 $6 {
Keeps the N sidelined, hopimg for a <=>, but this allows White to advance his
o^a5 further.} (53... Ne4 $142) 54. Rb6 Ra2+ 55. Kg1 Kf5 56. a6 Nf3+ 57. Kf1
Kg4 (57... Nd2+ $5 58. Ke1 Nc4 59. Rb5+ (59. Rb4 Ne3 (59... Ne5 60. Rf4+ Ke6
61. Re4 Kd5 62. Rxe5+ Kxc6 63. Re6+ $18) 60. Rb5+ Kg4 61. Nb4 (61. Ra5 Ng2+ 62.
Kd1 Ne3+ 63. Kc1 Rc2+ 64. Kb1 Rxc6 65. a7 Rc8 $11) 61... Ra3 $16) 59... Kg4 60.
a7 {[%cal Rb5a5,Rb5b8] /\Ra5,Rb8} Kxg3 $16 {/\} 61. Rb8 $2 Ne5 $1 $11) 58. Nb4
Ra3 {'?' Hecht.} (58... Rd2 $1 $11 {(Hecht) with the well known drawing
manoeuvre Nf3-h2-f3 mit der altbekannten Remisschaukel Sf3-h2-f3}) 59. Rg6+ Ng5
60. Ke2 Kxg3 61. Rg7 Kh3 (61... Kf4 $142 {Hecht}) 62. Re7 $1 {White has
managed to free his K and keep Black's N offside.} (62. a7 $143 $2 Ne6 63. Rd7
Nd4+ $1) 62... Ra4 (62... h5 $2 63. Re3+ Rxe3+ 64. Kxe3 Ne6 65. Nd5 $18) (62...
Kg4 $142 {Hecht}) 63. a7 Ne4 64. Nd5 $1 $18 Ra2+ 65. Kd3 (65. Ke3 $2 Nd6 {
[%cal Rd6b5,Rd6f5] /\Nf5,Nb5}) 65... Nc5+ (65... Nf2+ 66. Kc4 h5 67. Nc3 Ra1
68. Kb5 $1 {/\Na4} Rxa7 69. Rxa7 h4 70. Rg7 Kh2 71. Kc4 $18) 66. Kc4 Na4 67.
Kb4 (67. a8=Q $4 Nb2+ $11) (67. Kb3 Ra1 68. Re3+ Kh2 69. Re2+ Kg3 70. Ra2 $18)
(67. Kb4 Nb2 68. Re3+ Kh2 69. Ra3 Nd3+ 70. Kb3 Nc1+ 71. Ka4 $18) 1-0

[Event "Hamburg-ch int"]
[Site "Hamburg"]
[Date "1999.05.24"]
[Round "3.1"]
[White "Kempinski, Robert"]
[Black "Urban, Klaudiusz"]
[Result "1-0"]
[WhiteElo "2533"]
[BlackElo "2444"]
[Annotator "Stohl,I"]
[PlyCount "93"]
[EventDate "1999.05.22"]
[EventType "swiss"]
[EventRounds "9"]
[EventCountry "GER"]
[SourceTitle "CBM 072"]
[Source "ChessBase"]
[SourceDate "1999.10.01"]
[SourceVersion "1"]
[SourceVersionDate "1999.10.01"]
[SourceQuality "1"]

1. d4 c5 2. d5 Nf6 3. c4 b5 4. Qc2 {One of the rare ways of declining the
Volga. White strives for a positional struggle with control of c4 and the [+].}
({The more usual way to transpose into this line is to play} 4. Nf3 g6 5. Qc2 {
first, as here the central counter with e6 is very risky:} bxc4 6. e4 e6 $6 7.
dxe6 fxe6 8. Bg5 Be7 9. Bxc4 d5 10. exd5 exd5 11. Bb5+ Nfd7 12. Qe2 Kf7 13. Qd2
Bb7 14. O-O Re8 15. Nc3 d4 16. Bc4+ Kg7 17. Bh6+ Kh8 18. Ng5 Bxg5 19. Bxg5 Qa5
20. Qf4 $40 {Bosboom Lanchava,T-Sebag,M/Saint Vincent ztw/1999/}) 4... bxc4 5.
e4 e6 $5 ({Black can also do without this freeing move, in the above mentioned
positions he has ample counterchances.} 5... g6 6. Bxc4 d6 7. Nf3 Bg7 8. O-O
O-O 9. Nc3 Ba6 10. Bxa6 (10. Nd2 Nfd7 11. b3 Ne5 12. Bb2 Nxc4 13. Nxc4 Nd7 14.
Nd1 Bxc4 15. bxc4 Bxb2 16. Nxb2 Qa5 17. Nd3 Rab8 18. f4 f6 19. Rae1 Nb6 20. e5
fxe5 21. fxe5 Qa4 22. Rxf8+ Rxf8 23. Qxa4 Nxa4 24. exd6 exd6 25. Re6 Nb6 $11 {
Videki,S-Hertneck,G/Kecskemet/1988/}) 10... Nxa6 11. Bg5 h6 12. Bf4 Rb8 13.
Rab1 Qb6 14. h3 Nd7 15. Qe2 Nc7 16. e5 dxe5 17. Nxe5 Nxe5 18. Bxe5 Bxe5 19.
Qxe5 Qd6 20. Rfe1 Qxe5 21. Rxe5 Rfd8 22. Rxe7 Nxd5 23. Nxd5 Rxd5 24. Rxa7 Rd2
25. b3 Re8 $44 {=,Kempinski,R-Baklan,V/BL 9798/1997/}) 6. Bxc4 (6. Nc3 {
mostly only transposes into 6.Bc4.} {The simplest transposition into the game
is} exd5 $142 (6... Be7 7. Bxc4 exd5 8. exd5 (8. Nxd5 Nc6 $132) 8... O-O 9.
Nge2 d6 10. O-O Nbd7 11. Ng3 (11. a3 Nb6 12. Ba2 Re8 13. Ng3 Bb7 14. Rd1 c4 15.
Nf5 Nfxd5 16. Nxd5 Bxd5 17. Bf4 Qd7 18. Rac1 Bg5 19. Bxg5 Be4 20. Qd2 Qxf5 21.
f3 Bd3 $17 {Kolpakov,M-Mochalov,E/Riga/1975/}) 11... Nb6 12. b3 Rb8 13. Bd2 Re8
14. Rae1 Nxc4 15. bxc4 Qd7 $6 (15... g6 $142 $5) 16. Nd1 Ba6 17. h3 Bf8 18. Bg5
Be7 19. Bd2 Bf8 20. Ne3 g6 21. Bc3 Bg7 22. Qc1 $1 $40 {Gross,S-Nun,J/CZ-ch
Trnava/1980/}) (6... Bb7 7. Bxc4 exd5 (7... Na6 $2 8. Qe2 (8. a3 Be7 9. Nf3
exd5 10. exd5 Nc7 11. Qd3 d6 12. O-O O-O 13. Re1 Re8 14. Bf4 Qd7 15. h3 h6 16.
b4 cxb4 17. axb4 Bf8 18. Be3 g5 19. Rxa7 Rxa7 20. Bxa7 Rxe1+ 21. Nxe1 Ncxd5 22.
Bxd5 Nxd5 23. Nxd5 Bxd5 24. Qxd5 Qxa7 25. Nd3 Qb6 26. g4 $16 {Koutsin,S-Groetz,
H/AUT-chT2/1997/}) 8... Qb6 9. Nf3 exd5 10. Nxd5 Nxd5 11. exd5+ Be7 12. O-O Kf8
13. Ne5 Qd6 14. Bf4 Re8 15. Qg4 Nb8 16. Nxf7 Qf6 17. d6 {1-0,Steiner,
D-Voscilla,A/Caorle/1988/}) 8. exd5 d6 9. Nf3 (9. Nge2 g6 10. O-O Bg7 11. Bg5
h6 12. Bh4 O-O 13. Rad1 Nbd7 14. b3 a6 15. h3 Qc7 16. Bg3 Rfe8 17. f4 Re7 18.
Bf2 Rae8 19. Ng3 Qb8 20. Qd3 Nb6 21. Qf3 Nfd7 22. Nge2 f5 23. g4 Rf7 24. Rd3
Ref8 25. Qg2 fxg4 26. hxg4 Qd8 $36 {Blot,J-Guidarelli,L/FRA-chT/1999/}) 9...
Be7 10. O-O O-O 11. a4 a5 12. b3 Na6 13. Bb2 Nb4 14. Qd2 Ne8 15. Ne4 Bf6 16.
Nxf6+ Nxf6 17. Nh4 Nh5 18. g3 Bc8 19. Rfe1 Ra7 20. Be2 Nf6 21. Bf3 Ne8 22. Rac1
$13 {Zaja,I-Leventic,I/Porec CRO-chT/1998/}) 7. exd5 d6 8. Bxc4 Be7) (6. dxe6
$6 fxe6 7. e5 Nd5 8. Bxc4 Nb4 9. Qe2 Bb7 10. Nf3 Bxf3 11. gxf3 N8c6 12. Qe4 Nd4
13. Na3 Be7 14. Be3 Nbc6 15. Rg1 Qb6 16. Bxd4 cxd4 17. Rb1 Qa5+ 18. Ke2 Qxe5
19. Nb5 Bf6 20. Rg4 Rc8 21. Qxe5 Nxe5 22. Rxd4 Ke7 23. Bb3 a6 24. Nc3 Nxf3 25.
Rd3 Nd4+ 26. Kd2 Nxb3+ 27. axb3 d5 $19 {Omarsson,H-Nielsen,M/Copenhagen/1998/})
6... exd5 7. exd5 d6 8. Nc3 (8. Nf3 Be7 9. O-O O-O 10. Nc3 Nbd7 (10... Bg4 $5
$132) 11. Bf4 Nb6 12. b3 Rb8 13. Rad1 Nxc4 14. bxc4 Bg4 15. Rb1 Qd7 16. Nd2 Bf5
17. Nde4 Bg6 18. f3 Nh5 19. Qd2 Rxb1 20. Rxb1 Re8 21. Rb3 Bxe4 22. Nxe4 f5 23.
Ng5 Nxf4 24. Qxf4 Bxg5 25. Qxg5 Qa4 $36 {Brestak,P-Suriadnji,A/Zlin op/1996/})
8... Be7 9. h3 {A useful move, but perhaps White doesn't need to invest a
tempo.} (9. Nge2 {as in Gross-Nun above seems more to the point.}) 9... O-O 10.
Nf3 Nbd7 11. O-O Nb6 12. b3 Nxc4 {Perhaps Black deosn't have to hurry with
this exchange, as for the time being it won't escape.} (12... Re8 $5 13. Bf4
Bf8 $13) 13. bxc4 Rb8 14. Bf4 Rb4 15. Nd2 g6 $1 16. a3 (16. g4 $5 Ne8 17. a3 {
() was a more committal alternative.}) 16... Bf5 17. Nce4 Rb8 18. Rfe1 Nxe4 19.
Nxe4 Bxe4 $6 {Seemingly a logical exchange, but again premature, as now Black
gets under unpleasant pressure.} (19... Re8 $142 {/\Bf8} 20. Qc3 {[%cal Ye7f8]}
Bxe4 21. Rxe4 Bf8 22. Rae1 Qd7 $11 23. Qf6 Rxe4 24. Rxe4 Rb3 $132) 20. Qxe4 Bf6
21. Rab1 $36 {[%csl Rd6] ><d6 Although the Bf6 is seemingly active, more
serious is that d6 lacks protection.} Qd7 (21... Qc7 $5 22. Qd3 Rxb1 23. Rxb1
Rb8 24. Re1 $36 {/\} Bd4 25. Qg3 Rb2 $2 26. Re8+ Kg7 27. Qg5 $1 Bxf2+ 28. Kf1
$18) 22. Qd3 Rfe8 23. Rxb8 Rxb8 24. Qg3 Rb6 25. Bh6 $1 {[%csl Ra8,Rb8,Rc8,Rd8,
Re8,Rf8,Rg8,Rh8] Another point against Bf6-the basic rank is weak.} Bg7 $2 {
[%mdl 4096] And for the third time Black goes for an exchange he should have
only prepared. Now White gets really an iron grip and shows necessary
technique in the major piece _|_.} (25... Qd8 $142 $1 26. Qe3 Rb8 $14 {/\Bg7})
26. Bxg7 Kxg7 27. Qc3+ f6 (27... Kg8 28. Qf6 Rb7 $8 29. g4 $16 {[%cal Yg1h2,
Yh3h5] /\Kh2,h4-h5->}) 28. Re6 Qd8 29. g4 Kf7 30. h4 $40 {[%csl Rf6,Rf7] עf7,
f6} f5 31. g5 $1 (31. gxf5 $2 Qxh4 $132) 31... Rb7 32. Kg2 $22 Rd7 (32... Re7
$2 33. Qf6+ Ke8 34. Qh8+ Kd7 35. Rxd6+ $18) 33. Qb2 $1 (33. Qe3 $143 Re7) 33...
Kg8 (33... a6 34. Qc3 Rb7 35. Qg3 Rd7 36. Qf4 {/\h5->}) 34. Qe2 $1 Kf8 35. Rf6+
Rf7 (35... Kg7 36. h5 $1 Rf7 37. Qe6 Rxf6 38. gxf6+ Kf8 (38... Qxf6 $2 39. h6+
$18) 39. hxg6 hxg6 40. Kg3 $18) 36. Qe6 $18 Rxf6 $8 37. gxf6 Qe8 38. Kg3 Qd8 (
38... Qxe6 39. dxe6 Ke8 40. Kf4 h6 41. h5 $18) 39. Kf4 {[%cal Rf4h6] /\Kg5-h6}
h6 40. h5 gxh5 41. Kxf5 Qc7 (41... h4 42. Kg6 Qc7 43. Kxh6 {-41...Qc7}) 42. Kg6
h4 43. Kxh6 a5 44. Kg5 a4 45. f3 $22 Qf7 (45... Qd8 46. Kxh4 $18) 46. Qxd6+ Kg8
47. Qd8+ (47. Qd8+ Kh7 48. Qe7 $18) 1-0

[Event "Hastings 9899"]
[Site "Hastings"]
[Date "1999.01.03"]
[Round "5"]
[White "Sokolov, Ivan"]
[Black "Ponomariov, Ruslan"]
[Result "1-0"]
[WhiteElo "2620"]
[BlackElo "2585"]
[Annotator "Stohl,I"]
[PlyCount "141"]
[EventDate "1998.12.29"]
[EventType "tourn"]
[EventRounds "9"]
[EventCountry "ENG"]
[EventCategory "13"]
[SourceTitle "CBM 069"]
[Source "ChessBase"]
[SourceDate "1999.04.01"]
[SourceVersion "1"]
[SourceVersionDate "1999.04.01"]
[SourceQuality "1"]

1. d4 Nf6 2. c4 c5 3. d5 b5 4. Nf3 d6 ({More flexible is} 4... g6 {Now the b6
line loses most of it's sting, as Black has the effective} 5. cxb5 a6 6. b6 a5
$1 7. Nc3 Ba6 8. Bg5 Qxb6 9. Qb3 Qb4 10. e4 Bg7 11. Bxf6 Bxf6 12. e5 Bg7 13. h4
d6 14. Qa4+ Qxa4 15. Nxa4 dxe5 16. Nxc5 O-O 17. Na4 Nd7 18. Rc1 Rfd8 19. Bxa6
Rxa6 20. Ke2 Rd6 21. Rhd1 Nf6 22. Nc3 Bh6 $17 {Epishin,V-Hertneck,G/Vienna op/
1996/}) 5. cxb5 a6 6. b6 g6 (6... a5 7. e4 $5 (7. Nc3 Ba6 $13) 7... Nbd7 8. Nc3
g6 9. Bb5 Ba6 10. b7 Ra7 11. Bxa6 Rxa6 12. O-O (12. Qa4 $5 $36 {/\e5,Bg5})
12... Bg7 13. Qe2 Rb6 14. Nd2 O-O 15. f4 Rxb7 16. e5 Ne8 17. Nc4 Qa8 18. Bd2
Nb6 19. b3 Rb8 20. Qe4 Nc7 21. exd6 exd6 22. Nxd6 Ncxd5 23. Nxd5 Qxd5 24. Qxd5
Nxd5 $11 {1/2,Urban,K-Ehrenfeucht,W/Police/1993/}) 7. Nc3 Bg7 8. e4 Nbd7 9. a4
a5 $1 {[%cal Gb8b1] Although Black weakens b5, it's very difficult for White
to gain a firm foothold on this square and Black is usually able to retain the
typical Volga gambit play dow the b-file.} (9... Qxb6 $143 10. a5 $14 {()}) 10.
Bb5 O-O 11. O-O Nxb6 12. Re1 (12. h3 Ne8 (12... e6 13. dxe6 Bxe6 14. Qe2 d5 15.
exd5 Nbxd5 16. Nxd5 Nxd5 17. Rd1 Qc7 18. Qe4 Bf5 19. Qh4 Nb4 20. Bh6 Bxb2 21.
Ng5 Bxa1 22. Bxf8 h5 23. Bd6 Qd8 24. Bc4 $44 {Comas Fabrego,L-Mendoza,L/Lleida/
1991/}) (12... Ba6 13. Bf4 (13. Re1 Bxb5 14. axb5 Nfd7 15. Qe2 Qc7 16. Bg5 Rfe8
17. Bf4 a4 18. Ra3 c4 19. Be3 Nc5 20. Nd4 e6 $132 {1/2,Burijovich,L-Malbran,G/
Buenos Aires/1992/}) 13... Bxb5 14. axb5 Nfd7 15. Qe2 Qc7 16. Rfe1 Bxc3 $6 17.
bxc3 f6 18. c4 a4 19. Ra3 Ra7 20. Bc1 Re8 21. Nd2 Nf8 22. Bb2 e5 23. dxe6 Rxe6
24. f4 Qf7 25. Rg3 Re8 26. Qd3 $16 {Kiselev,S-Shliahtin,I/Podolsk/1992/}) 13.
Bf4 Nc7 14. Bc6 Rb8 15. e5 Ba6 16. Re1 Nc4 17. b3 Nb2 18. Qc2 Nd3 $36 {Purgin,
N-Martin,A/Moscow/1991/}) (12. Qe2 Bd7 13. Bg5 Bxb5 14. axb5 Nfd7 15. Nd2 Re8
16. f4 Qc8 17. Nc4 Nxc4 18. Qxc4 Nb6 19. Qd3 Nd7 20. Qc4 Nb6 21. Qd3 Nd7 22.
Qc4 {1/2,Avrukh,B-Leko,P/Duisburg WChJ/1992/}) 12... Ne8 (12... Nfd7 13. Bf4
Ba6 14. Bxa6 Rxa6 15. Qe2 Qa8 16. Nb5 Qb7 17. Bg5 Ne5 18. Nxe5 Bxe5 19. Ra2 c4
20. Be3 Nxa4 21. Nxd6 exd6 22. Rxa4 Bxb2 $11 {Karpov,A-Foo Hsiang Ming/
Singapore sim/1997/}) (12... Ba6 13. Qc2 Bxb5 14. Nxb5 Ne8 15. Bg5 Nc7 16. Nc3
Qd7 17. Rad1 Na6 18. Qc1 f6 19. Bh6 Nxa4 20. Ne2 Rfb8 21. Bxg7 Kxg7 22. Nf4 Nc7
$15 {Remlinger,L-Manion,J/Philadelphia/1992/}) 13. Bf4 (13. h3 Nc7 14. Bf4 Ba6
15. Qc2 Bxb5 16. axb5 Qd7 17. Rad1 Nxb5 18. Nxb5 Qxb5 19. e5 Qd7 (19... Nc4 $5)
20. Qc1 Rad8 21. Bh6 Qb7 22. Re4 $1 $40 {Moskalenko,V-Bendersky,V/Simferopol/
1990/}) 13... f6 $6 {Black prevents e5, but was this ugly move necessary?} ({
More to the point as in the previous examples seems} 13... Ba6 $5 14. Bc6 Rb8 {
/\Nc4<=>}) 14. Nd2 (14. h4 $142 $5 Bg4 15. Qd3 $14) 14... Nc7 15. Bc6 (15. Bf1
f5 $1 $132) 15... Rb8 16. Nb3 Nc4 17. Nb5 Na6 $1 $13 18. Qe2 (18. Qc2 Ne5 19.
Bxe5 fxe5 20. Na7 Qb6 21. Nxc8 Rfxc8 22. Bd7 Rf8 $11) 18... Ne5 19. Bxe5 fxe5
20. Nd2 Nb4 21. Nc4 Ba6 22. Ra3 Rc8 23. Na7 Rc7 24. Nb5 Nxc6 {Black has higher
ambitions than repetition.} (24... Rc8 25. Na7 $11) 25. dxc6 Rxc6 26. Qd2 $44
Qd7 27. Rb3 (27. Qxa5 Bb7 28. Qd2 $13 {/=}) 27... Bc8 $6 {[%csl Gc8] Now
thanks to a tactical trick White exchanges the more valuable part of Black's
^^.} (27... Kh8 $142 28. Qxa5 Bb7 $13) 28. Na7 $1 Ra6 (28... Qxa7 $2 29. Qd5+
$16) 29. Nxc8 Qxc8 30. Rb5 $14 Rd8 31. Rd1 (31. Rxa5 $5) 31... e6 32. Nxa5 (32.
Rxa5 d5 $132) 32... Qc7 33. b3 Bf8 (33... d5 $2 34. Nb7 $18) 34. Nc4 d5 35. g3
Rc6 $6 (35... Be7 $142 36. Ne3 $5 $13 (36. exd5 exd5 37. Ne3)) 36. Na5 (36. Qd3
Be7 37. Ne3 Bg5 38. exd5 Bxe3 $11) (36. Qa5 $5 Qxa5 37. Rxa5 Bg7 38. Ra7 $36)
36... Rb6 37. Nc4 Rxb5 (37... Ra6 $5 $132) 38. axb5 Be7 39. Ne3 Bg5 40. h4 Bxe3
41. Qxe3 d4 42. Qg5 $36 {עg8} Rf8 43. h5 Qf7 44. Rd2 Qf3 (44... Qf6 $5 45.
Qxf6 Rxf6 46. Rc2 (46. b6 Rf8 47. Rc2 Rb8 48. Rxc5 Rxb6 49. Rxe5 d3 50. Kf1
Rxb3 51. Ke1 Kf7 $11) 46... Rf3 (46... d3 47. Rd2 Rf7 48. Rxd3 Rb7 49. h6 $1
$36) 47. Rxc5 (47. b4 $6 d3 48. Ra2 cxb4 49. b6 Rf8 $1 50. b7 d2 51. Rxd2 Rb8
$17) 47... Rxb3 48. Kf1 $1 $14) 45. Qxe5 Ra8 46. Qxe6+ Kg7 47. Qe5+ Kh6 $8 (
47... Kf7 $2 48. Qd5+) (47... Kf8 $2 48. Qh8+) 48. Qf4+ $8 Qxf4 49. gxf4 {
[%mdl 4096]} Rb8 (49... Kxh5 $2 50. b4 (50. f3 $5 Kh4 51. Kg2 {/\} Rb8 $2 52.
Rd1 $18) 50... Rb8 (50... cxb4 51. Rxd4 b3 52. Rb4 $18) 51. bxc5 Rxb5 52. Rxd4
$18 {/\} Rxc5 $2 53. Rd5+) 50. hxg6 hxg6 51. Rd3 (51. b4 cxb4 52. Rxd4 Rxb5 $44
{=}) 51... Rxb5 52. Rg3 (52. Kg2 Kg7 $14) 52... Ra5 $2 (52... Rb4 $5 53. Rd3 (
53. e5 d3 $1 54. Rxd3 Rxf4 55. Rc3 Rb4 $11) (53. Kg2 $2 d3 $11) 53... Rb5 $14 (
53... Kg7 $14)) 53. Kg2 Ra1 54. Rg5 $1 $18 {עh6 Black's K is now cut off,
while White's R actively attacks the c5,d4 chain. White's own pawns will be
safe after f3.} Rc1 (54... d3 55. Rd5 Rd1 56. f3 $5 (56. Rxc5 Re1 (56... Rb1
57. Rd5 Rxb3 58. Kf3 Ra3 59. Ke3 d2+ 60. Ke2 $1 $18) 57. Rd5 Rxe4 58. Kf3 $16)
(56. Kf3 d2 57. e5 Rb1 58. Rxd2 Rxb3+ 59. Kg4 Rb4 $5 $16) 56... d2 57. Kf2 $18)
55. Rd5 $1 Rc3 56. f3 Kg7 (56... d3 57. Kf2 Rxb3 58. Rxc5 $18 {><d3}) (56...
Rxb3 57. Rxc5 $18) 57. Kg3 Kf6 58. f5 gxf5 (58... g5 $2 59. Kg4 {/\e5,o^e,f})
59. Rxf5+ {o^e,f} Ke6 60. Rd5 Kf6 (60... d3 61. Kf4 Rxb3 62. Rxc5 $18 {/\Rd5,
Ke3}) 61. Kf4 Ke6 62. b4 $1 cxb4 63. Rxd4 b3 (63... Rb3 64. e5 $18) 64. e5 Rc6
65. Rb4 Ra6 (65... Rc3 66. Ke4 b2 67. Rb6+ $1 $18) 66. Rxb3 Ra4+ 67. Kg5 Ra8 (
67... Kxe5 68. Re3+ Kd5 (68... Kd4 $4 69. Re4+) 69. f4 $18) 68. Rb6+ $1 (68. f4
$2 Rg8+ {/\Kf5=}) 68... Kxe5 (68... Kd5 69. f4 Rg8+ 70. Rg6 $18) 69. f4+ Kd5
70. f5 Rg8+ 71. Kh6 (71. Kh6 Ke5 72. f6 {/\f7,Kg7 with a well-know
theoretically won R_|_.}) 1-0